<?xml version="1.0" encoding="UTF-8"?>
<record
    xmlns:xsi="http://www.w3.org/2001/XMLSchema-instance"
    xsi:schemaLocation="http://www.loc.gov/MARC21/slim http://www.loc.gov/standards/marcxml/schema/MARC21slim.xsd"
    xmlns="http://www.loc.gov/MARC21/slim">

  <leader>00607nam a22001577a 4500</leader>
  <controlfield tag="003">OSt</controlfield>
  <controlfield tag="005">20151116111920.0</controlfield>
  <controlfield tag="008">151116b        xxu||||| |||| 00| 0 eng d</controlfield>
  <datafield tag="040" ind1=" " ind2=" ">
    <subfield code="c">RUA</subfield>
  </datafield>
  <datafield tag="082" ind1=" " ind2=" ">
    <subfield code="a">FOR PIC 2003 B143 Or.1</subfield>
  </datafield>
  <datafield tag="100" ind1=" " ind2=" ">
    <subfield code="9">3718</subfield>
    <subfield code="a">PICH, POLYKEO.</subfield>
  </datafield>
  <datafield tag="245" ind1=" " ind2=" ">
    <subfield code="a">the use of variety of wood in construction work in phnom penh(&#x1780;&#x17B6;&#x179A;&#x1794;&#x17D2;&#x179A;&#x17BE;&#x1794;&#x17D2;&#x179A;&#x17B6;&#x179F;&#x17CB;&#x1794;&#x17D2;&#x179A;&#x1797;&#x17C1;&#x1791;&#x1788;&#x17BE;&#x178A;&#x17C2;&#x179B;&#x1787;&#x17C6;&#x1793;&#x17BD;&#x179F;&#x1780;&#x17D2;&#x1793;&#x17BB;&#x1784;&#x1780;&#x17B6;&#x179A;&#x1784;&#x17B6;&#x179A;&#x179F;&#x17C6;&#x178E;&#x1784;&#x17CB;&#x1793;&#x17C5;&#x179A;&#x17B6;&#x1787;&#x1792;&#x17B6;&#x1793;&#x17B8;&#x1797;&#x17D2;&#x1793;&#x17C6;&#x1796;&#x17C1;&#x1789;)</subfield>
  </datafield>
  <datafield tag="260" ind1=" " ind2=" ">
    <subfield code="a">Phnom Penh</subfield>
    <subfield code="b">RUA</subfield>
    <subfield code="c">2003</subfield>
  </datafield>
  <datafield tag="300" ind1=" " ind2=" ">
    <subfield code="a">37p.</subfield>
    <subfield code="b">ill.</subfield>
    <subfield code="c">29cm.</subfield>
  </datafield>
  <datafield tag="942" ind1=" " ind2=" ">
    <subfield code="2">ddc</subfield>
    <subfield code="c">FOR</subfield>
  </datafield>
  <datafield tag="999" ind1=" " ind2=" ">
    <subfield code="c">3462</subfield>
    <subfield code="d">3462</subfield>
  </datafield>
  <datafield tag="952" ind1=" " ind2=" ">
    <subfield code="0">0</subfield>
    <subfield code="1">0</subfield>
    <subfield code="2">ddc</subfield>
    <subfield code="4">0</subfield>
    <subfield code="6">FOR_PIC_2003_000000000000000_B143_OR_1</subfield>
    <subfield code="7">0</subfield>
    <subfield code="9">16606</subfield>
    <subfield code="a">LBB</subfield>
    <subfield code="b">LBB</subfield>
    <subfield code="c">B143</subfield>
    <subfield code="d">2015-11-16</subfield>
    <subfield code="l">1</subfield>
    <subfield code="o">FOR PIC 2003 B143 Or.1</subfield>
    <subfield code="p">RUA026787</subfield>
    <subfield code="r">2016-08-17</subfield>
    <subfield code="s">2016-08-17</subfield>
    <subfield code="w">2015-11-16</subfield>
    <subfield code="y">FOR</subfield>
  </datafield>
  <datafield tag="952" ind1=" " ind2=" ">
    <subfield code="0">0</subfield>
    <subfield code="1">0</subfield>
    <subfield code="2">ddc</subfield>
    <subfield code="4">0</subfield>
    <subfield code="6">FOR_PIC_2003_000000000000000_B143_OR_2</subfield>
    <subfield code="7">0</subfield>
    <subfield code="9">16607</subfield>
    <subfield code="a">LBB</subfield>
    <subfield code="b">LBB</subfield>
    <subfield code="c">B143</subfield>
    <subfield code="d">2015-11-16</subfield>
    <subfield code="o">FOR PIC 2003 B143 Or.2</subfield>
    <subfield code="p">RUA026715</subfield>
    <subfield code="r">2015-11-16</subfield>
    <subfield code="w">2015-11-16</subfield>
    <subfield code="y">FOR</subfield>
  </datafield>
  <datafield tag="952" ind1=" " ind2=" ">
    <subfield code="0">0</subfield>
    <subfield code="1">0</subfield>
    <subfield code="2">ddc</subfield>
    <subfield code="4">0</subfield>
    <subfield code="6">FOR_PIC_2003_000000000000000_B143_OR_3</subfield>
    <subfield code="7">0</subfield>
    <subfield code="9">16608</subfield>
    <subfield code="a">LBB</subfield>
    <subfield code="b">LBB</subfield>
    <subfield code="c">B143</subfield>
    <subfield code="d">2015-11-16</subfield>
    <subfield code="o">FOR PIC 2003 B143 Or.3</subfield>
    <subfield code="p">RUA026643</subfield>
    <subfield code="r">2015-11-16</subfield>
    <subfield code="w">2015-11-16</subfield>
    <subfield code="y">FOR</subfield>
  </datafield>
  <datafield tag="952" ind1=" " ind2=" ">
    <subfield code="0">0</subfield>
    <subfield code="1">0</subfield>
    <subfield code="2">ddc</subfield>
    <subfield code="4">0</subfield>
    <subfield code="6">FOR_PIC_2003_000000000000000_B143_OR_4</subfield>
    <subfield code="7">0</subfield>
    <subfield code="9">16609</subfield>
    <subfield code="a">LBB</subfield>
    <subfield code="b">LBB</subfield>
    <subfield code="c">B143</subfield>
    <subfield code="d">2015-11-16</subfield>
    <subfield code="o">FOR PIC 2003 B143 Or.4</subfield>
    <subfield code="p">RUA026571</subfield>
    <subfield code="r">2015-11-16</subfield>
    <subfield code="w">2015-11-16</subfield>
    <subfield code="y">FOR</subfield>
  </datafield>
  <datafield tag="952" ind1=" " ind2=" ">
    <subfield code="0">0</subfield>
    <subfield code="1">0</subfield>
    <subfield code="2">ddc</subfield>
    <subfield code="4">0</subfield>
    <subfield code="6">FOR_PIC_2003_000000000000000_B143_OR_5</subfield>
    <subfield code="7">0</subfield>
    <subfield code="9">16610</subfield>
    <subfield code="a">LBB</subfield>
    <subfield code="b">LBB</subfield>
    <subfield code="c">B143</subfield>
    <subfield code="d">2015-11-16</subfield>
    <subfield code="o">FOR PIC 2003 B143 Or.5</subfield>
    <subfield code="p">RUA027754</subfield>
    <subfield code="r">2015-11-16</subfield>
    <subfield code="w">2015-11-16</subfield>
    <subfield code="y">FOR</subfield>
  </datafield>
  <datafield tag="952" ind1=" " ind2=" ">
    <subfield code="0">0</subfield>
    <subfield code="1">0</subfield>
    <subfield code="2">ddc</subfield>
    <subfield code="4">0</subfield>
    <subfield code="6">FOR_PIC_2003_000000000000000_B143_OR_6</subfield>
    <subfield code="7">0</subfield>
    <subfield code="9">16611</subfield>
    <subfield code="a">LBB</subfield>
    <subfield code="b">LBB</subfield>
    <subfield code="c">B143</subfield>
    <subfield code="d">2015-11-16</subfield>
    <subfield code="o">FOR PIC 2003 B143 Or.6</subfield>
    <subfield code="p">RUA027690</subfield>
    <subfield code="r">2015-11-16</subfield>
    <subfield code="w">2015-11-16</subfield>
    <subfield code="y">FOR</subfield>
  </datafield>
  <datafield tag="952" ind1=" " ind2=" ">
    <subfield code="0">0</subfield>
    <subfield code="1">0</subfield>
    <subfield code="2">ddc</subfield>
    <subfield code="4">0</subfield>
    <subfield code="6">FOR_PIC_2003_000000000000000_B143_OR_7</subfield>
    <subfield code="7">0</subfield>
    <subfield code="9">16612</subfield>
    <subfield code="a">LBB</subfield>
    <subfield code="b">LBB</subfield>
    <subfield code="c">B143</subfield>
    <subfield code="d">2015-11-16</subfield>
    <subfield code="o">FOR PIC 2003 B143 Or.7</subfield>
    <subfield code="p">RUA027925</subfield>
    <subfield code="r">2015-11-16</subfield>
    <subfield code="w">2015-11-16</subfield>
    <subfield code="y">FOR</subfield>
  </datafield>
</record>
